000 00513nam a22001937a 4500
003 KOHA_MİRAKIL
005 20260330125618.0
008 260330b tu ||||| |||| 00| 0 tur d
020 _a9757438502
040 _aTR-AnABB
_btur
_cTR-AnABB
041 _atur
082 _a307.12
_bHAS 1997
100 1 _aHasol, Doğan
245 1 0 _aYağma var /
_cDoğan Hasol
260 _aİstanbul :
_bYem Yayınları,
_c1997
300 _a222 sayfa ;
_c20 cm
650 0 4 _aŞehir planlama
942 _2ddc
_cBK
999 _c10094
_d10094
900 _bCan ÇELIK